<?xml version="1.0" encoding="UTF-8"?>
<record
    xmlns:xsi="http://www.w3.org/2001/XMLSchema-instance"
    xsi:schemaLocation="http://www.loc.gov/MARC21/slim http://www.loc.gov/standards/marcxml/schema/MARC21slim.xsd"
    xmlns="http://www.loc.gov/MARC21/slim">

  <leader>00827nab a2200205 i 4500</leader>
  <controlfield tag="001">768714001</controlfield>
  <controlfield tag="003">CO-MdFUSB</controlfield>
  <controlfield tag="005">20240506102415.0</controlfield>
  <controlfield tag="008">240430t1965    sp ||||| |||| 00| 0 spa d</controlfield>
  <datafield tag="040" ind1=" " ind2=" ">
    <subfield code="b">spa</subfield>
    <subfield code="c">CO-MdFUSB</subfield>
    <subfield code="d">CO-MdFUSB</subfield>
  </datafield>
  <datafield tag="041" ind1=" " ind2=" ">
    <subfield code="a">spa</subfield>
  </datafield>
  <datafield tag="100" ind1=" " ind2=" ">
    <subfield code="a">Bouillard, Henri, </subfield>
    <subfield code="e">autor</subfield>
  </datafield>
  <datafield tag="245" ind1=" " ind2="3">
    <subfield code="a">La experiencia humana y el punto de partida de la teolog&#xED;a fundamental</subfield>
    <subfield code="c">/ Henri Bouillard</subfield>
  </datafield>
  <datafield tag="520" ind1=" " ind2=" ">
    <subfield code="a">Este art&#xED;culo presenta sugerencias de algunas exigencias que debe satisfacer la teolog&#xED;a fundamental.</subfield>
  </datafield>
  <datafield tag="650" ind1=" " ind2="7">
    <subfield code="a">Apolog&#xE9;tica</subfield>
    <subfield code="9">187</subfield>
  </datafield>
  <datafield tag="653" ind1=" " ind2=" ">
    <subfield code="a">Teolog&#xED;a fundamental</subfield>
  </datafield>
  <datafield tag="773" ind1="0" ind2=" ">
    <subfield code="0">49450</subfield>
    <subfield code="9">82564</subfield>
    <subfield code="o">R2496</subfield>
    <subfield code="t">Revista internacional de teolog&#xED;a Concilium</subfield>
    <subfield code="w">(CO-MdFUSB)8</subfield>
    <subfield code="x">0210-1041</subfield>
    <subfield code="g">N&#xFA;mero 6, (junio, 1965), p&#xE1;ginas: 84 - 96</subfield>
    <subfield code="q">p&#xE1;gina: 84</subfield>
  </datafield>
  <datafield tag="942" ind1=" " ind2=" ">
    <subfield code="c">ANA</subfield>
  </datafield>
  <datafield tag="945" ind1=" " ind2=" ">
    <subfield code="a">Catherine Arias &#xC1;lvarez practicante SENA</subfield>
  </datafield>
  <datafield tag="999" ind1=" " ind2=" ">
    <subfield code="c">69458</subfield>
    <subfield code="d">69458</subfield>
  </datafield>
</record>
